000 00242nam a2200097Ia 4500
001 678905
005 20250826161046.0
008 250824s9999 xx 000 0 und d
245 0 _aBİR YUDUM ŞEHİR
_cDURAN ÇETİN
260 _bKAYALIPARK ÇOCUK
999 _c678905
_d678905